| 000 | 01266nam a2200361 a 4500 | ||
|---|---|---|---|
| 001 | 200447508 | ||
| 003 | TR-AnTOB | ||
| 005 | 20240513144922.0 | ||
| 007 | ta | ||
| 008 | 221602s2003 tu 001 0 tur d | ||
| 020 | _a9755127844 | ||
| 040 |
_aSULEY _beng _erda _cSULEY _dTR-AnTOB |
||
| 041 | 0 | _atur | |
| 050 | 4 |
_aHD9370.5 _b.F73 2003 |
|
| 090 |
_aHD9370.5 _b.F73 2003 |
||
| 245 | 0 | 0 |
_aFransa, İsviçre İtalya'da şarapçılık ve Türkiye modeli / _chazırlayanlar Feryal Tilmaç, Müge Çakar. |
| 264 | 1 |
_aİstanbul : _bİstanbul Ticaret Odası, _c2003. |
|
| 300 |
_a128 pages ; _c24 cm |
||
| 336 |
_atext _btxt _2rdacontent |
||
| 337 |
_aunmediated _bn _2rdamedia |
||
| 338 |
_avolume _bnc _2rdacarrier |
||
| 440 |
_aİstanbul Ticaret Odası ; _vyayın no. 2003-48 |
||
| 650 | 0 | 7 |
_aŞarap endüstrisi _2etuturkob _9135581 |
| 650 | 0 | 7 |
_aŞarap endüstrisi _zFransa _2etuturkob _9135581 |
| 650 | 0 | 7 |
_aŞarap endüstrisi _zİsviçre _2etuturkob _9135581 |
| 650 | 0 | 7 |
_aŞarap endüstrisi _zİtalya _2etuturkob _9135581 |
| 650 | 0 | 7 |
_aŞarap endüstrisi _zTürkiye _2etuturkob _965476 |
| 700 | 1 |
_aTilmaç, Feryal, _d1969- _eeditor _9135588 |
|
| 700 | 1 |
_aÇakar, Müge _9135589 _eeditor |
|
| 942 |
_2lcc _cBK |
||
| 999 |
_c200447508 _d65720 |
||